West Ham squad 2019-2020 - Statistics

General Stats
  • This quiz has been taken 306 times
    283 since last reset
  • The average score is 20 of 29
Answer Stats
Position Nation Number Player % Correct
GK Poland 1 Lukasz Fabianski
99%
LW Brazil 8 Felipe Anderson
89%
CM England 16 Mark Noble
89%
CAM Argentina 10 Manuel Lanzini
88%
CB New Zealand 2 Winston Reid
88%
CB Italy 21 Angelo Ogbonna
87%
CDM England 41 Declan Rice
86%
RW Scotland 11 Robert Snodgrass
86%
ST Mexico 9 Javier Hernandez
84%
RM Ukraine 7 Andriy Yarmolenko
82%
ST France 22 Sebastien Haller
81%
LB Argentina 5 Pablo Zabaleta
80%
CAM Spain 18 Pablo Fornals
79%
CB England 3 Aaron Cresswell
78%
CB France 23 Issa Diop
78%
CB Paraguay 4 Fabian Balbuena
77%
CDM Colombia 15 Carlos Sanchez
72%
RB England 24 Ryan Fredericks
68%
ST England 30 Michail Antonio
67%
CB Congo 26 Arthur Masuaku
66%
Coach Chile - Manuel Pellegrini
64%
GK Spain 13 Roberto
62%
GK England 25 David Martin
58%
CM Equatorial Guinea 14 Pedro Obiang
55%
CM England 19 Jack Wilshere
50%
CM Ireland 33 Josh Cullen
25%
ST England 45 Grady Diangana
16%
CB Portugal 20 Goncalo Cardoso
12%
ST Switzerland 27 Alban Ajeti
10%
No matching quizzes found
Score Distribution
Percent of People with Each Score
Percentile by Number Answered
Your Score History
You have not taken this quiz since the last reset